000 00700nam a2200265Ia 4500
003 OSt
005 20221007105543.0
006 a|||||r|||| 00| 0
007 ta
008 221006b |||||||| |||| 00| 0 eng d
020 _a0195649087
024 _a18,869
037 _cTextual
040 _aLCO
_cLCO
_beng
041 _2eng
_aeng
082 _aY11:45:6, P6
100 _aBajpai Asha
245 0 _aChild Rights in India
_b Law, Policy, and Practice
250 _a2nd
260 _aNew
_bDelhi Oxford University Press India
_c2006
300 _a509
650 _aCHILD RIGHTS
_9704232
942 _hY11:45:6, P6
_cTEXL
999 _c1188432
_d1188432